000 00359nam a2200181Ia 4500
100 _aBurke/Bill/ Haefel/R.M
650 _aJava
250 _a5
942 _cBK
366 _f20
654 _ajavabeans
245 _aEnterprise Javabeans 3.0
260 _bO'reilly
_c2006
082 _a5.133
_bBUR
300 _a732
546 _aENGLISH
999 _c28361
_d28361